000 00305nam a2200133Ia 4500
008 240624s9999 xx 000 0 und d
041 _aeng
082 _a823 FOR
100 _aFORSYTH FREDERICK
245 _aCOBRA
260 _c2010
_aLondon
_bCorgi Books
300 _a396 : p. : cm. ; 18
365 _cRS
999 _c21164
_d21164